[Event "1st Gujarat GM Open 2018"]
[Site "Ahmedabad"]
[Date "2018.10.12"]
[Round "10"]
[White "Kravtsiv, Martyn"]
[Black "Vignesh N R"]
[Result "*"]
[WhiteElo "2654"]
[BlackElo "2447"]
[Annotator "TA"]
[PlyCount "38"]
[EventDate "2018.10.05"]
[EventType "swiss"]
[EventCountry "IND"]
[SourceTitle "playchess.com"]
[Source "ChessBase"]
[SourceQuality "1"]

{[%evp 14,15,29,27]} 1. e4 c5 2. Nf3 d6 3. Bb5+ Bd7 4. Bxd7+ Qxd7 5. c4 Nc6 6. Nc3 Nf6 7. d4 cxd4 8. Nxd4 {Predecessor:} e6 $146 9. O-O Be7 10. Be3 O-O 11. Qe2 Rfc8 12. b3 Bd8 13. Rac1 Ba5 14. Nxc6 Rxc6 15. Bg5 Ne8 16. Nb5 a6 17. Nd4 Rcc8 18. Rfd1 Qc7 19. Qg4 Bb4 {1-0 (30) Stevic,H (2597)-Kozul,Z (2602) Zadar 2015} *

[Event "1st Gujarat GM Open 2018"]
[Site "Ahmedabad"]
[Date "2018.10.12"]
[Round "10"]
[White "Kravtsiv, Martyn"]
[Black "Vignesh N R"]
[Result "1-0"]
[WhiteElo "2654"]
[BlackElo "2447"]
[Annotator "TA"]
[PlyCount "95"]
[EventDate "2018.10.05"]
[EventType "swiss"]
[EventCountry "IND"]
[SourceTitle "playchess.com"]
[Source "ChessBase"]
[SourceQuality "1"]

{[%evp 23,95,32,34,33,40,37,52,0,0,8,22,6,14,0,0,0,0,0,6,0,0,0,0,0,14,0,7,19,0,0,94,107,110,124,147,141,244,243,274,266,262,268,270,274,327,310,356,329,375,362,427,389,397,397,369,370,1158,1195,1133,1195,1017,1054,1173,1180,1065,834,1430,1417,12837,12838,29979,29980,29980,29955]} 1. e4 c5 2. Nf3 d6 3. Bb5+ Bd7 4. Bxd7+ Qxd7 5. c4 Nc6 6. Nc3 Nf6 7. d4 cxd4 8. Nxd4 g6 9. f3 Bg7 10. Be3 O-O 11. O-O Rac8 12. b3 a6 13. Qd3 {B52: Sicilian: Moscow Variation with 3...Bd7} Rfd8 (13... e6 14. Rfd1 Rfd8 15. Rac1 Ne5 16. Qe2 Qe7 17. Rc2 Nc6 18. Rcd2 Ne8 19. Na4 Nxd4 20. Bxd4 Bxd4+ 21. Rxd4 Qg5 {½-½ (21) Zhigalko,S (2654)-Yilmaz,M (2582) Kocaeli 2015}) 14. Rad1 e6 15. Na4 {White is slightly better.} Ne5 16. Qc2 $146 {And now Nb6 would win.} ({Predecessor:} 16. Qe2 Nxc4 17. Bg5 b5 18. bxc4 bxa4 19. f4 Qa7 {1-0 (40) Mukhit,A (1991)-Tyurin,A (1664) Samara 2017}) 16... Qc7 17. Qe2 Ned7 18. Rc1 Qb8 19. Rfd1 Re8 20. Qd2 b5 21. cxb5 axb5 22. Nc3 $1 b4 23. Na4 d5 24. Nc6 $36 {[%mdl 2048] Black is under pressure.} Qa8 25. exd5 Nxd5 26. Nxb4 {Strongly threatening Rxc8.} Nxb4 (26... Nxe3 $11 27. Qxe3 Rxc1 28. Qxc1 (28. Rxc1 Rc8 $11) 28... Rc8) 27. Rxc8 $16 ({Much worse is} 27. Qxd7 $6 Rcd8 $11) 27... Qxc8 28. Qxb4 Nf6 29. Nb6 Qa6 (29... Qc2 $16 {was worth a try.} 30. Qd2 Qc7) 30. a4 $1 $18 Nd5 31. Nxd5 exd5 32. Rxd5 Qe2 33. Bf2 Rc8 {( -> ...Rc1+)} 34. h4 Rc1+ 35. Kh2 {White wants to mate with Rd8+.} h5 {[#]} 36. Qd2 $1 Qf1 37. Kg3 Rb1 38. Bd4 {aiming for Rd8+.} Rd1 {[#]} 39. Qe3 $1 {Black must now prevent Rd8+.} Kh7 $2 {[#]} (39... Rxd4 40. Rxd4 Bxd4 41. Qxd4 Qe1+ 42. Kh2 Qa5) 40. Bxg7 $1 {[%mdl 512]} Kxg7 41. Rxd1 Qxd1 {[%mdl 4096] Endgame KQ-KQ} 42. a5 {[%cal Ba4a5,Ba5a6,Ba6a7][%mdl 32]} Qd5 43. b4 Qb5 44. Qc5 Qb8+ 45. Kh3 Qf4 46. a6 Qf6 47. a7 Qa1 48. Kh2 {Precision: White = 81%, Black = 42%.} 1-0

[Event "1st Gujarat GM Open 2018"]
[Site "Ahmedabad"]
[Date "2018.10.12"]
[Round "10"]
[White "Amonatov, Farrukh"]
[Black "Babujian, Levon"]
[Result "1-0"]
[WhiteElo "2615"]
[BlackElo "2456"]
[Annotator "TA"]
[PlyCount "99"]
[EventDate "2018.10.05"]
[EventType "swiss"]
[EventCountry "IND"]
[SourceTitle "playchess.com"]
[Source "ChessBase"]
[SourceQuality "1"]

{[%evp 28,99,0,-25,0,0,0,7,46,45,43,-50,-33,-9,-12,-17,-16,-20,62,44,64,65,39,20,39,0,0,0,33,41,31,40,76,73,80,-16,-14,-6,-6,-18,-13,0,0,-177,-167,-159,-73,-83,-27,-66,0,-6,0,-133,-130,-214,-106,-130,152,100,658,660,646,629,575,229,407,362,29981,29982,29982,29983,29987,29988]} 1. e4 c5 2. Nf3 d6 3. d4 cxd4 4. Nxd4 Nf6 5. Nc3 a6 6. Be3 Ng4 7. Bc1 Nf6 8. f3 e6 9. Be3 b5 10. Qd2 Bb7 11. g4 Nfd7 12. O-O-O Nb6 13. Qf2 N8d7 14. Bd3 Rc8 15. Nce2 Be7 {B80: Sicilian Scheveningen: 6 g3 and 6 Be3, including English Attack} 16. Kb1 Nc5 17. h4 Qc7 {The position is equal.} 18. g5 Nba4 {[#]} 19. c3 $146 (19. Ka1 $14) ({Predecessor:} 19. Bc1 b4 20. h5 O-O 21. Qh2 Rfe8 22. g6 Bf6 23. gxh7+ {0-1 (41) Korneev,O (2594)-Sasikiran,K (2652) Corsica 2005}) 19... Nxd3 20. Rxd3 d5 21. e5 a5 22. Rdd1 b4 (22... Ba6 $11) 23. cxb4 $1 $14 axb4 24. Rc1 Qd7 25. Rxc8+ Bxc8 26. Rc1 O-O 27. Nc6 Nc3+ 28. Nxc3 {[%cal Be2c3,Bc3e4,Be4f6][%mdl 32]} (28. bxc3 Qxc6 29. cxb4 Qa4 $11) 28... Qxc6 29. Ne4 Qa6 {[#]} 30. Nf6+ $1 {[%mdl 512]} Kh8 (30... gxf6 31. gxf6) 31. Qc2 ({Better is} 31. Bc5 $16 b3 32. a3) 31... gxf6 $11 32. gxf6 {[#]} Bxf6 $1 {[%mdl 512]} 33. exf6 e5 34. Bh6 Qxf6 35. Qd2 $2 (35. Bxf8 $2 Bf5 $19) (35. Qxc8 $11 {and White stays safe.} Qxh6 36. Qc5) 35... Rg8 $19 36. Ka1 d4 (36... Qxf3 37. Qxb4 Be6 38. Qe7 $17) (36... Qxh4 $142 37. Be3 Be6) 37. Bg5 $17 Qf5 ({Avoid the trap} 37... Qxf3 $2 {[#]} 38. Qd3 $3 $18 {[%mdl 512]}) (37... Qa6 $17 {Threatens to win with ...f6.} 38. Qxb4 h6) 38. Qxb4 f6 (38... h6 $1 $15 39. Bxh6 Qxf3) 39. Bh6 $40 {[%mdl 128] White has some attack.} Qh5 40. Bf8 (40. Bd2 $1 $11 {was the only way to keep the balance.}) 40... Qxf3 41. b3 (41. Bh6 $17 {was worth a try.}) 41... Bh3 (41... Be6 $19 {And now ...Rg2 would win.} 42. Be7 Qf4) 42. Be7 {Qb6 is the strong threat.} Ra8 $2 {[%mdl 8192]} (42... Kg7 $17 {Hoping for ...Rc8.} 43. Rg1+ Bg2) 43. Qd6 (43. Qb6 $142 Bg4 44. Qxf6+ (44. Bxf6+ Kg8 $16) 44... Qxf6 45. Bxf6+ Kg8 46. Bxe5) 43... Kg8 $2 {[%mdl 8192]} (43... Kg7 $16) 44. Bxf6 $18 {Rg1+ would kill now.} Qg2 {[%csl Ga8][%cal Rg2a2]} 45. a4 d3 46. Bxe5 $2 (46. Rc7 Re8 47. Rg7+ Qxg7 48. Bxg7 Kxg7 49. Qxd3) 46... d2 $2 (46... Rf8 {was necessary.} 47. Qxd3 Rf1 48. Qc4+ Kf8 49. Bd6+ Kg7 50. Qc7+ Kg6 51. h5+ Kh6 52. Bf8+ Kg5) 47. Rd1 Qf3 $2 (47... Re8 $18 48. Qd4 h5 49. Rxd2 (49. Rg1 $2 Qxg1+ 50. Qxg1+ Bg4 $19) 49... Qc6) 48. Rg1+ {White mates.} Bg2 49. Qxd2 Kf7 50. Rxg2 {Precision: White = 37%, Black = 26%.} 1-0

[Event "1st Gujarat GM Open 2018"]
[Site "Ahmedabad"]
[Date "2018.10.12"]
[Round "10"]
[White "Amonatov, Farrukh"]
[Black "Babujian, Levon"]
[Result "*"]
[WhiteElo "2615"]
[BlackElo "2456"]
[Annotator "TA"]
[PlyCount "41"]
[EventDate "2018.10.05"]
[EventType "swiss"]
[EventCountry "IND"]
[SourceTitle "playchess.com"]
[Source "ChessBase"]
[SourceQuality "1"]

{[%evp 23,24,22,24]} 1. e4 c5 2. Nf3 d6 3. d4 cxd4 4. Nxd4 Nf6 5. Nc3 a6 6. Be3 Ng4 7. Bc1 Nf6 8. f3 e6 9. Be3 b5 10. Qd2 Bb7 11. g4 Nfd7 12. O-O-O Nb6 {LiveBook: 208 Games} {Predecessor:} 13. Nb3 $146 N8d7 14. Na5 Rb8 15. Bd4 Ba8 16. h4 Qc7 17. g5 b4 18. Nb1 e5 19. Bxb6 Rxb6 20. Nc4 Rc6 21. Ne3 {1-0 (70) Aronian,L (2767)-Nakamura,H (2777) Saint Louis 2018} *

[Event "1st Gujarat GM Open 2018"]
[Site "Ahmedabad"]
[Date "2018.10.12"]
[Round "10"]
[White "Malakhatko, Vadim"]
[Black "Stany, G.A."]
[Result "0-1"]
[WhiteElo "2552"]
[BlackElo "2502"]
[Annotator "TA"]
[PlyCount "86"]
[EventDate "2018.10.05"]
[EventType "swiss"]
[EventCountry "IND"]
[SourceTitle "playchess.com"]
[Source "ChessBase"]
[SourceQuality "1"]

{[%evp 10,86,16,15,16,14,15,15,23,16,18,0,0,0,16,-14,-8,0,0,-5,10,16,42,-39,-30,-27,-12,-42,-24,-33,-34,-85,-87,-124,-132,-131,-135,-145,-152,-197,-80,-54,0,14,25,-193,-179,-198,0,0,0,0,-131,-254,-267,-252,-263,-204,-38,-37,-54,-468,0,0,0,-510,-489,-512,-492,-477,-401,-401,-401,-401,-397,-381,-209,-1817,-1689]} 1. c4 Nf6 2. Nc3 d5 3. cxd5 Nxd5 4. g3 e5 5. Bg2 Nb6 6. e3 Be7 {A22: English Opening: 1...e5 2 Nc3 Nf6} (6... Nc6 7. Nge2 h5 8. d4 h4 9. d5 Ne7 10. e4 hxg3 11. hxg3 Rxh1+ 12. Bxh1 Ng8 13. Be3 Nf6 14. Qc2 {0-1 (57) Ponkratov,P (2613)-Karjakin,S (2760) Riadh 2017}) 7. Nge2 O-O 8. O-O Nc6 {The position is equal.} 9. d4 exd4 10. exd4 Bf5 11. d5 $146 ({Predecessor:} 11. b3 Qd7 12. d5 Nb4 13. a3 Nd3 14. Be3 {½-½ (31) Nevednichy,V (2524)-Baltag,I (2386) Konya 2017}) 11... Nb4 12. d6 Qxd6 13. Bxb7 Rab8 14. Bg2 Nc2 15. Bf4 Qc5 16. Rb1 (16. Be4 $1 $14 Bxe4 17. Nxe4) 16... Rbd8 17. Qc1 c6 {[%cal Bc7c6,Bc6d5][%mdl 32]} 18. Ne4 Qc4 $1 $36 {[%csl LRa2,LRe2,LRe4][%mdl 2048] Black has the initiative.} 19. N2c3 $1 Nb4 20. b3 (20. Rd1 $15) 20... Qe6 $17 21. Ra1 N6d5 22. Nxd5 cxd5 ({Much worse is} 22... Nxd5 $6 23. Re1 $11) 23. Ng5 Qa6 24. Qd2 Nc2 (24... Nd3 $19 {and Black stays clearly on top. Threatens to win with ...Bb4.} 25. Rad1 Bb4) 25. Rac1 Bb4 ({Black should play} 25... Qxa2 $15 26. Nf3 Qxb3) 26. Qd1 $11 Qxa2 (26... h6 $5 {[%cal Rh6g5]} 27. Bh3 Bd3 28. Rxc2 hxg5 29. Bxg5 Bxc2 30. Qxc2 Rb8 $11) 27. g4 $2 (27. Bc7 $1 $11 {and White has nothing to worry.} Rde8 28. Qxd5) 27... Bg6 $19 {[%cal Bf5g6,Bg6c2,Bc2d1][%mdl 32]} 28. h4 {[%cal Bh2h4,Bh4h5][%mdl 32]} Na3 (28... Qxb3 $19 29. Nf3 Bd3) 29. Bxd5 $17 {Hoping for h5.} h6 30. h5 Bc2 $1 {[%cal Rc2d1]} ({But not} 30... hxg5 $2 31. hxg6 Rxd5 32. Qxd5 $18) 31. Nxf7 (31. Bxf7+ $17 Kh8 32. Qf3 hxg5 33. Be5) 31... Bxd1 $19 32. Nxd8+ {[#]} Kh7 $1 33. Ne6 Bxg4 $2 (33... Bxb3 $19 34. Nxf8+ Bxf8 35. Be4+ Kg8) 34. Nxf8+ $15 Bxf8 35. Be4+ $2 {[%mdl 8192]} ({White should try} 35. Rfe1 $15 Nb5 36. Re8) 35... Kg8 $2 (35... Kh8 $19 36. Rfe1 Qxb3) 36. Bd5+ $11 Kh7 $2 {[%mdl 8192]} (36... Kh8 $11 37. Rfe1 Bd7) 37. Be4+ $1 $19 Kh8 38. Bg6 Nb5 {White must now prevent ...Nd4.} 39. Rfe1 {Now Re8 and White clings on.} Qxb3 40. Re8 Kg8 {...Nd4 is the strong threat.} 41. Rce1 {[#] White wants to mate with Rxf8+!} Bd7 $1 {[%cal Rd7e8]} 42. Rd8 Qf3 (42... Nd4 $142 {And now ...Nf3+ would win.} 43. Rxd7 Nf3+ 44. Kf1 Qc4+ 45. Re2 Qxf4 46. Bf7+ Kh7 47. Bg6+ Kg8 48. Bf7+ Kh7 49. Bg6+ Kh8) 43. Re4 $2 (43. Re7 Qxf4 44. Bf7+ Qxf7 45. Rxf7 Kxf7 46. Rxd7+ Kf6 47. Rb7) 43... Bc6 {Precision: White = 40%, Black = 53%.} 0-1

[Event "1st Gujarat GM Open 2018"]
[Site "Ahmedabad"]
[Date "2018.10.12"]
[Round "10"]
[White "Malakhatko, Vadim"]
[Black "Stany, G.A."]
[Result "*"]
[WhiteElo "2552"]
[BlackElo "2502"]
[Annotator "TA"]
[PlyCount "27"]
[EventDate "2018.10.05"]
[EventType "swiss"]
[EventCountry "IND"]
[SourceTitle "playchess.com"]
[Source "ChessBase"]
[SourceQuality "1"]

{[%evp 10,11,24,21]} 1. c4 Nf6 2. Nc3 d5 3. cxd5 Nxd5 4. g3 e5 5. Bg2 Nb6 6. e3 {LiveBook: 229 Games} {Predecessor:} Nc6 $146 7. Nge2 h5 8. d4 h4 9. d5 Ne7 10. e4 hxg3 11. hxg3 Rxh1+ 12. Bxh1 Ng8 13. Be3 Nf6 14. Qc2 {0-1 (57) Ponkratov,P (2613)-Karjakin,S (2760) Riadh 2017} *

[Event "1st Gujarat GM Open 2018"]
[Site "Ahmedabad"]
[Date "2018.10.12"]
[Round "10"]
[White "Bernadskiy, Vitaliy"]
[Black "Predke, Alexandr"]
[Result "1/2-1/2"]
[WhiteElo "2547"]
[BlackElo "2615"]
[Annotator "TA"]
[PlyCount "29"]
[EventDate "2018.10.05"]
[EventType "swiss"]
[EventCountry "IND"]
[SourceTitle "playchess.com"]
[Source "ChessBase"]
[SourceQuality "1"]

{[%evp 28,29,0,0]} 1. e4 e5 2. Nf3 Nc6 3. Bc4 Bc5 4. c3 {[%cal Bc2c3,Bc3d4][%mdl 32]} Nf6 5. d4 exd4 6. cxd4 Bb4+ 7. Bd2 Bxd2+ 8. Nbxd2 d5 9. exd5 Nxd5 10. Qb3 Na5 $146 ({Predecessor:} 10... Nce7 11. O-O O-O 12. Rfe1 c6 13. Ne4 Nb6 14. Bd3 Ned5 15. Nc5 Nf6 16. Rac1 Rb8 17. Qa3 a6 18. Qb3 Qc7 19. Ne4 Nfd5 20. Nc3 Qd6 21. Be4 {½-½ (36) Jones,G (2640)-Karjakin,S (2753) Wijk aan Zee 2018}) 11. Qa4+ Nc6 12. Qb3 Na5 13. Qa4+ Nc6 14. Qb3 Na5 15. Qa4+ 1/2-1/2

[Event "1st Gujarat GM Open 2018"]
[Site "Ahmedabad"]
[Date "2018.10.12"]
[Round "10"]
[White "Ter-Sahakyan, Samvel"]
[Black "Neelotpal, Das"]
[Result "*"]
[WhiteElo "2547"]
[BlackElo "2436"]
[Annotator "TA"]
[PlyCount "37"]
[EventDate "2018.10.05"]
[EventType "swiss"]
[EventCountry "IND"]
[SourceTitle "playchess.com"]
[Source "ChessBase"]
[SourceQuality "1"]

{[%evp 9,10,33,35]} 1. e4 e5 2. Nf3 Nc6 3. Bb5 a6 4. Ba4 d6 5. O-O Bd7 {LiveBook: 930 Games} {Predecessor:} 6. d4 $146 exd4 7. Nxd4 Nxd4 8. Bxd7+ Qxd7 9. Qxd4 Nf6 10. Nc3 Be7 11. Bf4 O-O 12. Rad1 Qc6 13. Nd5 Nxd5 14. exd5 Qxc2 15. Rc1 Qf5 16. Rxc7 Bf6 17. Qd2 Rfc8 18. Rfc1 Rxc7 19. Rxc7 {0-1 (32) Howell,D (2687)-McShane,L (2669) Hull 2018} *

[Event "1st Gujarat GM Open 2018"]
[Site "Ahmedabad"]
[Date "2018.10.12"]
[Round "10"]
[White "Ter-Sahakyan, Samvel"]
[Black "Neelotpal, Das"]
[Result "1-0"]
[WhiteElo "2547"]
[BlackElo "2436"]
[Annotator "TA"]
[PlyCount "61"]
[EventDate "2018.10.05"]
[EventType "swiss"]
[EventCountry "IND"]
[SourceTitle "playchess.com"]
[Source "ChessBase"]
[SourceQuality "1"]

{[%evp 20,61,50,34,37,28,42,37,55,49,83,33,190,185,193,114,116,115,114,118,137,118,128,121,100,86,135,73,81,85,110,107,112,116,116,118,193,206,286,280,380,374,364,369]} 1. e4 e5 2. Nf3 Nc6 3. Bb5 a6 4. Ba4 d6 5. O-O Bd7 6. c3 g6 7. d4 Bg7 8. Be3 Nf6 9. Nbd2 O-O 10. h3 {C76: Spanische Partie (Moderne Steinitz-Verteidigung)} exd4 11. cxd4 {LiveBook: 3 Partien} Re8 12. Bc2 {Weiß steht etwas besser.} Nb4 13. Bb3 a5 $146 ({Vorgänger:} 13... Bb5 14. Ng5 Re7 15. Nxf7 Rxf7 16. Bxf7+ Kxf7 17. Qb3+ {1-0 (25) Buhmann,R (2564)-Zude,A (2370) Germany 2018}) 14. a3 a4 15. Bc4 d5 $2 {[#]} (15... Nc6 $14) 16. e5 $18 ({Lieber nicht} 16. axb4 dxc4 17. e5 Nd5 $11) 16... Nh5 17. Be2 (17. g4 $18) 17... Nc6 $16 18. g4 f6 {[%cal Rf6e5]} 19. gxh5 Bxh3 20. hxg6 hxg6 21. Qc2 fxe5 22. Qxg6 Bxf1 23. Bxf1 ({Keinesfalls} 23. Nxf1 $6 exd4 24. Nxd4 Qf6 $14) (23. Ng5 $142 Qf6 24. Qh7+ Kf8 25. Rxf1 exd4 26. Bg4) 23... Qf6 24. Qh5 {[#] Ld3 ist eine echte Drohung.} exd4 25. Qxd5+ Qf7 26. Qxf7+ Kxf7 27. Bf4 {Droht Lc4+ und aus.} Re7 (27... d3 $16) 28. Bc4+ $18 Kf8 29. Nh4 Ke8 {beabsichtigt ...Le5.} 30. Ng6 Be5 31. Nxe7 {Precision: Weiß = 67%, Schwarz = 32%.} 1-0

[Event "1st Gujarat GM Open 2018"]
[Site "Ahmedabad"]
[Date "2018.10.12"]
[Round "10"]
[White "Sivuk, Vitaly"]
[Black "Fominyh, Alexander"]
[Result "1-0"]
[WhiteElo "2545"]
[BlackElo "2405"]
[Annotator "TA"]
[PlyCount "89"]
[EventDate "2018.10.05"]
[EventType "swiss"]
[EventCountry "IND"]
[SourceTitle "playchess.com"]
[Source "ChessBase"]
[SourceQuality "1"]

{[%evp 18,89,10,4,29,9,14,16,28,31,32,0,1,0,0,-29,-12,-21,0,-24,-17,-41,-35,-61,-62,-52,82,75,54,65,92,92,104,111,112,19,139,134,133,134,423,42,168,139,278,210,208,199,360,362,310,316,358,324,337,343,337,335,415,386,384,395,531,407,456,338,529,531,545,508,2122,513,499,491]} 1. c4 e5 2. Nc3 Nf6 3. Nf3 Nc6 4. g3 Bc5 5. d3 d6 6. Bg2 O-O 7. O-O h6 8. a3 a6 9. b4 Ba7 10. Bb2 Rb8 {A29: English Opening: Four Knights Variation with 4 g3} (10... Re8 11. e3 Ne7 12. Nd2 Rb8 13. Nde4 Ng6 14. Rc1 c6 15. c5 Nxe4 16. Nxe4 d5 17. Nd6 Bd7 18. Nxe8 Qxe8 {0-1 (44) Grischuk,A (2754)-Carlsen,M (2857) chess.com INT 2016}) 11. Nd2 Nd4 12. Re1 c6 $146 {The position is equal.} ({Predecessor:} 12... Ng4 13. e3 Nc6 14. Nd5 Nf6 15. Rc1 Nxd5 16. cxd5 Ne7 17. d4 {1-0 (17) Ergur,F-Znak,N IECG email 2003}) 13. e3 Ne6 14. Qb3 Ng5 15. Kh1 Re8 16. Re2 Bf5 17. Nce4 Ngxe4 18. dxe4 Bg4 19. f3 Be6 20. f4 b5 21. Qc2 Ng4 (21... c5 $1 $15 {stays ahead.}) 22. c5 $1 $16 dxc5 23. bxc5 exf4 24. exf4 Qe7 25. Rc1 Rbd8 26. e5 ({White should play} 26. Bf3 $16) 26... Bd5 (26... h5 $1 $11 {keeps the balance.}) 27. Bxd5 Rxd5 28. Ne4 h5 $2 {[%mdl 8192]} (28... Qe6 $16 {keeps fighting.}) 29. Rce1 $2 ({Better is} 29. Ng5 $18 {Qh7+ would kill now.} Kf8 30. Qh7) 29... Bxc5 (29... Qd7 $14) 30. h3 $36 {[%mdl 2048] White is in control.} Nh6 (30... Ne3 $16 {was worth a try.} 31. Rxe3 Bxe3) 31. Nf6+ gxf6 32. exf6 {[#]} Qd7 $2 (32... Qxe2 $1 {[%mdl 512]} 33. Rxe2 (33. Qxe2 Rxe2) 33... Red8) 33. Rxe8+ $18 Bf8 34. Qg2 Rd2 35. R1e2 Rxe2 36. Rxe2 Nf5 37. Qf3 c5 38. Kh2 Qd1 39. Qxh5 Qf1 40. Rd2 Qe1 41. Rg2 Ne3 (41... Qe4 $142 42. Qg4+ Kh7) 42. Re2 {White is clearly winning.} Qf1 43. h4 ({Inferior is} 43. Rxe3 Qf2+ 44. Kh1 Qf1+ 45. Kh2 Qf2+ 46. Kh1 Qf1+ 47. Kh2 $11) 43... Nd1 (43... a5 $142 44. Bc3 (44. Rxe3 Qf2+ 45. Kh3 Qxe3 $16) 44... Nf5 45. Qg4+ (45. Bxa5 Nd4 $11) 45... Kh8) 44. Rd2 (44. Qg5+ $142 Kh7 {[#]} 45. Re7 $1 {[%mdl 512]} Qf2+ 46. Kh3 Qf1+ 47. Kg4 Ne3+ 48. Kh5 Qd1+ 49. g4 Qxg4+ 50. Qxg4 Nxg4 51. Kxg4) 44... Ne3 45. Qe2 {Precision: White = 47%, Black = 31%.} 1-0

[Event "1st Gujarat GM Open 2018"]
[Site "Ahmedabad"]
[Date "2018.10.12"]
[Round "10"]
[White "Karthik Venkataraman"]
[Black "Popov, Ivan"]
[Result "*"]
[WhiteElo "2525"]
[BlackElo "2611"]
[Annotator "TA"]
[PlyCount "25"]
[EventDate "2018.10.05"]
[EventType "swiss"]
[EventCountry "IND"]
[SourceTitle "playchess.com"]
[Source "ChessBase"]
[SourceQuality "1"]

{[%evp 10,12,40,27,35]} 1. d4 d5 2. Nf3 Nf6 3. c4 dxc4 4. e3 c5 5. Bxc4 cxd4 6. O-O {LiveBook: 8 Partien. A09: Reti-Eröffnung} (6. exd4 g6 7. Qb3 e6 8. Nc3 Bg7 9. O-O O-O 10. d5 exd5 11. Nxd5 Nc6 12. Rd1 Nxd5 13. Bxd5 {½-½ (40) Demidov,M (2513)-Popov,I (2608) Voronezh 2018}) 6... Qc7 {Vorgänger:} 7. Bb3 $146 Bg4 8. exd4 e6 9. h3 Bh5 10. Nc3 Be7 11. d5 exd5 12. Nxd5 Nxd5 13. Qxd5 {½-½ (67) Chueca Forcen,A (2280)-Torres Sanchez,J (2318) Mislata 2010} *

[Event "1st Gujarat GM Open 2018"]
[Site "Ahmedabad"]
[Date "2018.10.12"]
[Round "10"]
[White "Karthik Venkataraman"]
[Black "Popov, Ivan"]
[Result "1/2-1/2"]
[WhiteElo "2525"]
[BlackElo "2611"]
[Annotator "TA"]
[PlyCount "71"]
[EventDate "2018.10.05"]
[EventType "swiss"]
[EventCountry "IND"]
[SourceTitle "playchess.com"]
[Source "ChessBase"]
[SourceQuality "1"]

{[%evp 10,71,37,20,16,0,40,36,25,32,108,12,21,12,25,0,0,-45,-35,-50,-56,-47,-43,-45,-45,-37,-20,-22,-8,-16,0,-28,-16,-16,-13,-4,0,0,0,0,0,0,0,0,0,0,0,0,0,0,0,0,0,-3,-3,-3,-3,-3,-3,-3,-3,-6,-8,-8]} 1. d4 d5 2. Nf3 Nf6 3. c4 dxc4 4. e3 c5 5. Bxc4 cxd4 6. O-O {LiveBook: 8 Games. A09: Réti Opening: 1 Nf3 d5 2 c4} (6. exd4 g6 7. Qb3 e6 8. Nc3 Bg7 9. O-O O-O 10. d5 exd5 11. Nxd5 Nc6 12. Rd1 Nxd5 13. Bxd5 {½-½ (40) Demidov,M (2513)-Popov,I (2608) Voronezh 2018}) 6... Qc7 7. Qe2 $146 ({Predecessor:} 7. Bb3 Bg4 8. exd4 e6 9. h3 Bh5 10. Nc3 Be7 11. d5 exd5 12. Nxd5 Nxd5 13. Qxd5 {½-½ (67) Chueca Forcen,A (2280)-Torres Sanchez,J (2318) Mislata 2010}) 7... Bg4 8. exd4 {Threatens to win with Bxf7+!White is slightly better.} Bxf3 9. gxf3 e6 ({Black should play} 9... g6 $14) 10. Nc3 (10. d5 $1 $16) 10... Be7 $11 11. d5 exd5 $1 12. Re1 O-O (12... dxc4 $5 13. Bf4 $8 Qd7 $11) 13. Bg5 (13. Nxd5 {feels hotter.} Nxd5 14. Bxd5 Bc5 15. Bg5 Nc6 16. Qe4) 13... Nbd7 14. Nxd5 Nxd5 15. Bxe7 Nxe7 16. Qxe7 {[#] Bb5 is the strong threat.} Qxc4 17. Qxd7 Qb4 18. b3 Rad8 19. Qe7 Qd4 20. Rac1 Rd7 21. Qe4 {The position is equal.} Qd6 22. Kg2 Rfd8 23. Qe8+ Qf8 24. Rc8 g6 ({Avoid the trap} 24... Rxe8 $2 25. Rexe8 g6 26. Rxf8+ $18) 25. Rxd8 Rxd8 26. Qe7 Qxe7 27. Rxe7 {[%mdl 4096] Endgame KR-KR} Rd2 28. a4 {[%cal Ba2a4,Ba4a5,Ba5a6,Ba6a7][%mdl 32]} b6 {[%cal Bb7b6,Bb6b5,Bb5b4][%mdl 32]} 29. Rxa7 Rb2 $1 30. Rb7 {[#] Hoping for Rb8+.} Rxb3 31. a5 b5 $1 32. a6 Ra3 33. a7 Kg7 34. Kf1 Ra2 35. Ke1 b4 36. Kf1 {Precision: White = 56%, Black = 74%.} 1/2-1/2

[Event "1st Gujarat GM Open 2018"]
[Site "Ahmedabad"]
[Date "2018.10.12"]
[Round "10"]
[White "Harsha Bharathakoti"]
[Black "Siva Mahadevan"]
[Result "*"]
[WhiteElo "2492"]
[BlackElo "2341"]
[Annotator "TA"]
[PlyCount "37"]
[EventDate "2018.10.05"]
[EventType "swiss"]
[EventCountry "IND"]
[SourceTitle "playchess.com"]
[Source "ChessBase"]
[SourceQuality "1"]

{[%evp 20,22,16,12,26]} 1. d4 Nf6 2. c4 g6 3. Nc3 {[%cal Bb1c3,Bc3a4,Ba4c5][%mdl 32]} d5 4. Nf3 Bg7 5. cxd5 Nxd5 6. Na4 O-O 7. e4 Nb6 8. Be3 Bg4 9. Nc5 Nc6 {D85: Exchange Grünfeld: Unusual White 7th moves and lines with 7 Nf3} 10. Nxb7 Qb8 11. Ba6 {LiveBook: 17 Games} e5 {Predecessor:} 12. d5 $146 Nb4 13. Nc5 N6xd5 14. exd5 e4 15. Nxe4 Nxa6 16. O-O Qxb2 17. Bd4 Bxf3 18. Bxg7 Kxg7 19. Qxf3 {1-0 (30) Prohaszka,P (2582)-Schreiner,P (2449) Zalakaros 2015} *